000 00786nam a2200181Ia 4500
008 090630s9999 xx 000 0 und d
082 _b14986
100 _aजोशी य. बा. / देशमुख.
245 _aविस्तार - प्रशासन.
_cजोशी य. बा. / देशमुख.
260 _bमहाराष्ट्र विद्यापीठ ग्रंथनिर्मिती मंडळ - नागपूर.
_c1979
300 _a206
600 _aजोशी य. बा. / देशमुख.
630 _aविस्तार - प्रशासन.
655 _aइतर.
700 _aजोशी य. बा. / देशमुख.
730 _aविस्तार - प्रशासन.
942 _cBOOK
999 _c266842
_d266842